000 00893cam a2200277Ia 4500
999 _c9462
_d9462
001 10439128
003 OCoLC
005 20210114163324.0
008 840221t19831982nyua b 001 0 eng d
020 _a0842306528
020 _a9780842306522
035 _a(OCoLC)10439128
040 _aWIR
_cWIR
_dKAT
_dOCLCQ
_dOCLCG
_dECASD
_dCIRBC
043 _an-us---
050 0 0 _aHQ769
_b.D583 1982
092 _a649.1
_bD6355d
100 1 _aDobson, James C.,
_d1936-
245 1 0 _aDr. Dobson answers your questions /
_cJames Dobson.
260 _aCarmel, N.Y. :
_bGuideposts,
_c1983, c1982.
300 _a527 p. :
_bill. ;
_c24 cm.
504 _aIncludes bibliographical references and index.
650 0 _aChild rearing
_zUnited States
_vMiscellanea.
650 0 _aFamily
_zUnited States
_xReligious aspects
_xChristianity
_vMiscellanea.
650 0 _aConduct of life
_vMiscellanea.
942 _2ddc
_cBK